| 000 | 00894nam a2200229Ii 4500 | ||
|---|---|---|---|
| 003 | JO-AjNU | ||
| 008 | 230605s9999||||xx |||||||||||||| ||und|| | ||
| 017 | _a42015 | ||
| 020 | _a978-9957-92-124-8 | ||
| 040 |
_aJO-AjNU _bara _erda _cJO-AjNU |
||
| 041 | _aara | ||
| 050 | 1 | 4 | _aLC4704.K437 2019 |
| 100 | 3 |
_aخصاونة، محمد وآخرونم. مشارك محمد الخوالدة، م. مشارك ليلى ضمرة،م.مشارك راضي ابو هواش, _eauthor _960652 |
|
| 245 | 0 | 0 | _aصعوبات التعلم الاكاديمية=ACADEMIC LEARNING DISABILITIES |
| 250 | _aط2 | ||
| 264 | 3 | 1 | _aعمان: دار الفكر ناشرون وموزعون، 2019 |
| 300 | _a256ص | ||
| 336 |
_atext _btxt _2rdacontent |
||
| 337 |
_aunmediated _bn _2rdamedia |
||
| 338 |
_avolume _bnc _2rdacarrier |
||
| 650 | 4 |
_aالتعلم-صعوبات التعلم-التربية الخاصة _960653 |
|
| 999 |
_aA27362 _c30930 _d30930 |
||